000
00191nam a2200085 4500
001
1258935
005
20260406103821.0
245
_a
LİMON KÜTÜPHANESİ
_c
JO COTTERİLL
260
_b
GENÇ TİMAŞ
999
_c
1258935
_d
1258935